Music Quiz

Random Music or Artist Quiz
Score 0/25 Timer 03:00
2 Plays Today
Band (A) (A) or (B) % Correct
Deaf Leppard???
95.7%
Nickel-back???
94.9%
Bjork???
89.9%
Maroon Five???
89.8%
Coldplay???
89.8%
Arctic Munkeys???
88.6%
Cher???
88.4%
1Republic???
87%
Mister Mr.???
77.5%
The Weekend???
76.7%
Years & Years???
72.6%
Goo Goo Dolls???
72.2%
Psy???
72.1%
Band (A) (A) or (B) % Correct
Hoobastank???
72%
blink 182???
71%
!!!???
70%
Lady GaGa???
68.9%
Catfish + the Bottlemen???
67.9%
a tribe called quest???
64.4%
Florence + the Machine???
58%
Godspeed You! Black Emperor???
53.5%
ZAYN???
49.8%
LMFAO???
46.9%
M83???
34%
Sum 44???
25.2%
Remove Ads.
Support Sporcle.
Get the best of Sporcle when you Go Orange. This ad-free experience offers more features, more stats, and more fun while also helping to support Sporcle. Thank you for becoming a member.

You're not logged in!

Compare scores with friends on all Sporcle quizzes.
OR
Log In

Show Comments

Extras

Top Quizzes Today


Score Distribution

Your Account Isn't Verified!

In order to create a playlist on Sporcle, you need to verify the email address you used during registration. Go to your Sporcle Settings to finish the process.

Report this User

Report this user for behavior that violates our Community Guidelines.

Details: